إجراءات دعوى الإلغاء أمام مجلس الدولة / (Record no. 22357)
[ view plain ]
| 000 -الفاتح | |
|---|---|
| حقل البيانات ثابتة الطول | 01827nam a22002895a 4500 |
| 003 - محدد رقم الضبط | |
| رقم الضبط | OSt |
| 005 - وقت وتاريخ اخر تعامل مع التسجيلة | |
| رقم الضبط | 20200304123436.0 |
| 008 - عناصر البيانات ثابتة الطول - معلومات عامة | |
| حقل البيانات ثابتة الطول | 160918s2013 ua frb 000 0 ara d |
| 020 ## - الرقم الدولى المعيارى للكتب | |
| الرقم الدولى المعيارى للكتاب | 9789770471821 |
| 040 ## - مصدر الفهرسة | |
| وكالة الفهرسة الأصلية | EG-ScBUE |
| لغة الفهرسة | ara |
| وكالة النسخ | EG-ScBUE |
| 043 ## - رمز المنطقة الجغرافية | |
| رمز المنطقة الجغرافية | a-sy--- |
| 082 04 - رقم تصنيف ديوى العشرى | |
| رقم التصنيف | 342.56910664 |
| رقم المادة | ر س ل |
| رقم الطبعة | 22 |
| 100 1# - المدخل الرئيسى - إسم شخصى | |
| الإسم الشخصى | رسلان، زكريا محمود. |
| 9 (RLIN) | 41103 |
| 245 10 - بيان العنوان | |
| العنوان | إجراءات دعوى الإلغاء أمام مجلس الدولة / |
| بيان المسئوليه,etc | زكريا محمود رسلان = Procedures of ancellation case in front of state council / Zakaria Mahmoud Raslan. |
| بقية العنوان | |
| 246 31 - العنوان الموازى | |
| عنوان صحيح/عنوان مختصر | Procedures of ancellation case in front of state council |
| 250 ## - بيان الطبعة | |
| بيان الطبعة | ط. 1. |
| 260 ## - PUBLICATION, DISTRIBUTION, ETC. (IMPRINT) | |
| مكان الناشر او الموزع | [القاهرة] : |
| اسم الناشر او الموزع | زكريا محمود رسلان، |
| تاريخ النشر أو التوزيع | 2013. |
| 300 ## - الوصف المادى | |
| التعداد | 634 ص. ؛ |
| أبعاد الوعاء | 24 سم. |
| 504 ## - تبصرة ببليوجرافية | |
| تبصرة ببليوجرافية,الخ | يشتمل على إرجاعات ببليوجرافية. |
| 505 0# - تبصرة محتويات-الفهرس | |
| تبصرة المحتويات المصاغة | 1- إجراءات رفع وتحضير دعوى الإلغاء - الآثار المترتبة على رفع دعوى الإلغاء (وقف تنفيذ القرار المطعون فيه) -- 2- إجراءات المرافعة والحكم في دعوى الإلغاء -- 3- إجراءات المرافعة - الطلبات - الدفوع - الإثبات - انتهاء الخصومة -- إجراءات الحكم في دعوى الإلغاء وتنفيذ الحكم الصادر - ظاهرة امتناع الإدارة عن تنفيذ الأحكام القضائية - طرق إلزام الإدارة بتنفيذ الحكم الصادر. |
| 610 17 - المدخل الاضافى بالموضوع-اسم هيئة | |
| اسم الهيئة أو اسم السلطة كمدخل | سوريا. |
| وحده ملحقة | مجلس الدولة. |
| مصدر الرأس أو المصطلح | BUEsh |
| 9 (RLIN) | 41102 |
| 650 #7 - المدخل الاضافى بالموضوع-مصطلح موضوعى | |
| مصطلح موضوعي أو اسم جغرافي كعنصر مدخل | قضاء الإلغاء |
| التقسيم الفرعي الجغرافي | سوريا. |
| مصدر الرأس أو المصطلح | BUEsh |
| 9 (RLIN) | 41104 |
| 650 #7 - المدخل الاضافى بالموضوع-مصطلح موضوعى | |
| مصطلح موضوعي أو اسم جغرافي كعنصر مدخل | الإجراءات الإدارية |
| التقسيم الفرعي العام | قوانين وتشريعات |
| التقسيم الفرعي الجغرافي | سوريا. |
| 9 (RLIN) | 41105 |
| مصدر الرأس أو المصطلح | BUEsh |
| 651 ## - المدخل الاضافى بالموضوع - اسم جغرافى | |
| مصدر الرأس أو المصطلح | BUEsh |
| 653 ## - مصطلح تكشيفى غير مقيد | |
| Resource For college | Law |
| Arrived date list | September2016 |
| 942 ## - عناصر المدخل الإضافي( كوها) | |
| مصدر التصنيف او مخطط الترفيف | Dewey Decimal Classification |
| حالة التراجع | حالة الفقد | مصدر التصنيف او خطة الترفيف | حالة تلف | ليس للاعارة | مجموعات كوها | المكان الدائم | المكان الحالي | موقع الترفيف | تاريخ الاكتساب | Source of acquisition | سعر الشراء الطبيعي | تعداد مسلسل / التسلسل الزمني | رقم الاستدعاء | الباركود | Date last seen | مُعار | التكلفة | نوع الوعاء |
|---|---|---|---|---|---|---|---|---|---|---|---|---|---|---|---|---|---|---|
| Dewey Decimal Classification | دار الفكر العربي | Central Library | Central Library | First floor | 18/09/2016 | Purchase | 128.00 | 15885 | 342.56910664 ر س ل | 000033578 | 15/07/2025 | 14/11/2023 | 160.00 | Book - Borrowing | ||||
| Dewey Decimal Classification | دار الفكر العربي | Central Library | Central Library | First floor | 18/09/2016 | Purchase | 128.00 | 15885 | 342.56910664 ر س ل | 000033577 | 30/11/2025 | 23/11/2025 | 160.00 | Book - Borrowing |